| 000 | 00459nam a2200193Ia 4500 | ||
|---|---|---|---|
| 008 | 210210b1865 xxu||||| |||| 00| 0 eng d | ||
| 041 | _aeng | ||
| 082 | _a270/1 | ||
| 100 | _aALLIES (T W) | ||
| 245 | _aFormation of christendom part.1 | ||
| 260 |
_aLondon _bLongmans, Green Reader, Dyer _c1865 |
||
| 300 | _axii,424 | ||
| 650 | _apart.1 | ||
| 650 | _aof | ||
| 650 | _aFormation | ||
| 650 | _achristendom | ||
| 690 | _aChristianity | ||
| 906 | _a001427 | ||
| 999 |
_c116544 _d116544 |
||